| 000 | 00487nam a22001817a 4500 | ||
|---|---|---|---|
| 005 | 20250611123008.0 | ||
| 008 | 250611b |||||||| |||| 00| 0 eng d | ||
| 020 | _a9788119445479 | ||
| 041 | _aEng | ||
| 082 | _a321.8 DHA | ||
| 100 | _a Dhall, Vinod Kumar | ||
| 245 | _aFactory Resets of Governance Rules Democracy for the People | ||
| 250 | _aIst | ||
| 260 |
_aMumbai _bStory Mirror Infotech Pvt. Ltd. _c2023 |
||
| 300 | _a295 pages:23 cm | ||
| 650 | _aDemocracy | ||
| 942 | _cBK | ||
| 999 |
_c46451 _d46451 |
||